| 000 | 00864nam a22002297a 4500 | ||
|---|---|---|---|
| 003 | 0 | ||
| 005 | 20241007092214.0 | ||
| 008 | 241007b xxu||||| |||| 00| 0 eng d | ||
| 020 | _a9781368041287 | ||
| 050 |
_aPZ 7 _b.L3725 2019 |
||
| 100 |
_aLashner, William, _eauthor. |
||
| 245 |
_aElizabeth Webster and the Court of Uncommon Pleas / _cWilliam Lashner. |
||
| 260 |
_aLos Angeles ; New York : _bDisney*Hyperion, _c2019. |
||
| 300 |
_a310 p. ; _c22 cm. |
||
| 520 | _aWhen popular Henry Harrison asks twelve-year-old Elizabeth to help dispel a ghost that speaks her name, she calls on her estranged father and learns he is an attorney for the damned. | ||
| 650 |
_aGhosts _vFiction. |
||
| 650 |
_aFathers and daughters _vFiction. |
||
| 650 |
_aFriendship _vFiction. |
||
| 650 |
_aHell _vFiction. |
||
| 650 | _aMystery and detective stories. | ||
| 942 |
_2lcc _cBK |
||
| 999 |
_c366458 _d366458 |
||